व्यावहारिक नेपाली अंग्रेजी शब्दकोश / (Record no. 122079)

MARC details
000 -LEADER
fixed length control field 01009nam a22002657a 4500
003 - CONTROL NUMBER IDENTIFIER
control field dpl
005 - DATE AND TIME OF LATEST TRANSACTION
control field 20170124103224.0
008 - FIXED-LENGTH DATA ELEMENTS--GENERAL INFORMATION
fixed length control field 161219b xxu||||| |||| 00| 0 eng d
010 ## - LIBRARY OF CONGRESS CONTROL NUMBER
LC control number A-895838
020 ## - INTERNATIONAL STANDARD BOOK NUMBER
International Standard Book Number 8170701724
035 ## - SYSTEM CONTROL NUMBER
System control number A-895838
037 ## - SOURCE OF ACQUISITION
Source of stock number/acquisition Cen Lib / Ret
040 ## - CATALOGING SOURCE
Original cataloging agency DPL
Language of cataloging EN
Transcribing agency dpl
082 ## - DEWEY DECIMAL CLASSIFICATION NUMBER
Classification number 465.03
Item number PRA
245 ## - TITLE STATEMENT
Title व्यावहारिक नेपाली अंग्रेजी शब्दकोश /
Statement of responsibility, etc सम्पादक रघु नाथ घिमिरे
246 ## - VARYING FORM OF TITLE
Title proper/short title A Practical dictionary of modern nepali /
Remainder of title edited by Raghu Nath Ghimire
260 ## - PUBLICATION, DISTRIBUTION, ETC. (IMPRINT)
Place of publication, distribution, etc दिल्ली
Name of publisher, distributor, etc रत्ना सागर
Date of publication, distribution, etc 1998
270 ## - ADDRESS
Address Ratna Sagar
City Dilli
300 ## - PHYSICAL DESCRIPTION
Extent 1004p ;
Dimensions 24cm(Hb)
650 ## - SUBJECT ADDED ENTRY--TOPICAL TERM
Topical term or geographic name as entry element Nepali language -- Dictionaries -- English.
9 (RLIN) 141214
650 ## - SUBJECT ADDED ENTRY--TOPICAL TERM
Topical term or geographic name as entry element English language -- Dictionaries -- Nepali.
9 (RLIN) 141215
650 ## - SUBJECT ADDED ENTRY--TOPICAL TERM
Topical term or geographic name as entry element English language.
9 (RLIN) 1922
700 ## - ADDED ENTRY--PERSONAL NAME
Personal name Ghimire, Raghu Nath
9 (RLIN) 141216
942 ## - ADDED ENTRY ELEMENTS (KOHA)
Source of classification or shelving scheme Dewey Decimal Classification
Koha item type English Books
Classification part 465.03
Call number suffix PRA
Holdings
Withdrawn status Lost status Source of classification or shelving scheme Damaged status Not for loan Home library Current library Date acquired Source of acquisition Total Checkouts Full call number Barcode Date last seen Copy number Price effective from Koha item type
    Dewey Decimal Classification     Central Library Central Library 19/03/2016 Cen Lib/Ret   465.03 PRA A-895838 19/03/2016 1 19/03/2016 Hindi Books

© Delhi Public Library
Hit Counter
free hit counter